| 000 | 01108cam a2200289I 4500 | ||
|---|---|---|---|
| 001 | 43133 | ||
| 005 | 20230411085956.0 | ||
| 008 | 910213s1961 ve 000 0 spa d | ||
| 035 | _a(OCoLC)ocm23099197 | ||
| 040 |
_aCUY _cCUY _dGZM _dOCLCQ |
||
| 035 | _a(OCoLC)23099197 | ||
| 041 | 1 |
_aspa _hfre |
|
| 090 |
_aPN4722.V4 _bC8 no.14 |
||
| 090 |
_aB809.8 _b.S241 c1961 |
||
| 049 | _aGRAL | ||
| 100 | 1 |
_aSartre, Jean-Paul, _d1905-1980. |
|
| 245 | 1 | 0 |
_aCritica de la razon dialectica (Marxismo y existencialismo) _cTraducción del frances por Eduardo Vasquez. |
| 260 |
_aCaracas, _bUniversidad Central de Venezuela, Facultad de Humanidades y Educación, Escuela de Periodismo, _c1961. |
||
| 300 |
_a62 p. _c23 cm. |
||
| 490 | 1 |
_aUniversidad Central de Venezuela. Facultad de Humanidades y Educación. Escuela de Periodismo. Cuaderno, _v14 |
|
| 650 | 0 | _aExistentialism. | |
| 650 | 0 | _aDialectical materialism. | |
| 810 | 2 |
_aUniversidad Central de Venezuela. _bFacultad de Humanidades y Educación. _bEscuela de Periodismo. _tCuaderno ; _v14. |
|
| 942 |
_2lcc _cbk |
||
| 946 | _aclperez | ||
| 994 |
_aC0 _bDRFGD |
||
| 999 |
_c110334 _d110334 |
||